Spoločensky zodpovedná firma a jej aktivity v oblasti životného prostredia bakalárska práca
Enregistré dans:
| Auteur principal: | |
|---|---|
| Collectivité auteur: | |
| Autres auteurs: | |
| Format: | Livre |
| Langue: | slovaque |
| Publié: |
Bratislava
2018
|
| Tags: |
Pas de tags, Soyez le premier à ajouter un tag!
|
MARC
| LEADER | 00000nbm a2200000 4500 | ||
|---|---|---|---|
| 001 | 0245029 | ||
| 005 | 20180906133153.4 | ||
| 041 | 0 | |a slo | |
| 044 | |a SK | ||
| 245 | 1 | 0 | |a Spoločensky zodpovedná firma a jej aktivity v oblasti životného prostredia |b bakalárska práca |c Viktória Hirjáková ; školiteľ: Viola Šuterová |
| 264 | 1 | |a Bratislava |c 2018 | |
| 300 | |a 53 s. | ||
| 100 | 1 | |a Hirjáková, Viktória | |
| 700 | 1 | |a Šuterová, Viola, 1957- | |
| 710 | 2 | |a Obchodná fakulta EU. Katedra služieb a cestovného ruchu - zrušené | |